Impacto de la implementación de las tarifas residenciales horarias sobre el comportamiento de la curva de carga del sector residencial servido por la Compañía de Fuerza y Luz S. A
保存先:
| 第一著者: | |
|---|---|
| フォーマット: | 図書 |
| 出版事項: |
[San José, Costa Rica]
2003
|
| 主題: | |
| タグ: |
タグ追加
タグなし, このレコードへの初めてのタグを付けませんか!
|
MARC
| LEADER | 00000nam a2200000Ia 4500 | ||
|---|---|---|---|
| 001 | 4752 | ||
| 003 | 009213 | ||
| 005 | 20221231144146.0 | ||
| 008 | 140114s2003 cr a m 000 ||s d | ||
| 040 | |c cru CEDI | ||
| 100 | |a Ramírez Elizondo, Laura María |9 6879 | ||
| 245 | |a Impacto de la implementación de las tarifas residenciales horarias sobre el comportamiento de la curva de carga del sector residencial servido por la Compañía de Fuerza y Luz S. A | ||
| 260 | |c 2003 |a [San José, Costa Rica] | ||
| 300 | |a ix, 114 hojas : ilustraciones a color | ||
| 500 | |a Proyecto de graduación (bachiller en ingeniería eléctrica)--Universidad de Costa Rica. Facultad de Ingeniería. Escuela de Ingeniería Eléctrica | ||
| 650 | |x ELECTRICIDAD |x COSTA RICA |x CONSUMO DE ENERGIA ELECTRICA |x MEDICIONES |x EMPRESAS ELECTRICAS |x TARIFAS |9 6880 | ||
| 942 | |c TFG | ||
| 999 | |c 17730 |d 17730 | ||
